| 000 | 00379nam a2200157Ia 4500 | ||
|---|---|---|---|
| 008 | 210210b1986 xxu||||| |||| 00| 0 eng d | ||
| 020 | _a0 600 34625 0 | ||
| 082 | _a635.965 TITH | ||
| 100 | _aTITCHMARSH (Alan). | ||
| 245 | _aHouse plants. | ||
| 260 |
_aLondon. _bCountry life Books, _c1986 |
||
| 300 | _a286 | ||
| 650 | _aHouse Plants | ||
| 690 | _aPlants | ||
| 906 | _a040726 | ||
| 999 |
_c90797 _d90797 |
||